00518nam a2200157Ia 4500020001800000082002100018100002200039245003500061260004000096300001300136504003600149650003000185650003800215650005400253650005300307 a9788180695193 a305.425415 GHO-W aGhosh, Bhola Nath 0aWomen in governance in Tripura aNew DelhibConcept Publishingc2008 axii, 209 aincludes bibliography and index aPanchayatzIndiazTripura aWomen in politicszIndiazTripura aRural womenvTripuravIndiavSocial conditions$$y aRural womenvTripuravIndiavEconomic conditions